000 00826cab a2200253 4500
001 WB3222-17
008 090401t1996 xxu||||| |||| 00| 0 eng d
035 _a(Sirsi) u20746
041 _aeng
245 _aDBFO road scheme costs expensive
260 _c1996
350 _a0
490 _aConstruction News
_v(6468) 6 June 1996, 3
490 _aPlanning Week
_v4(23) 6 June 1996, 6(2)
520 _aDBFO road schemes cost twice as much as publicly funded projects, according to the Metropolitan Transport Research Unit`s analysis of the A36 Salisbury bypass.
650 _aBUILT ENVIRONMENT-BUILDING COSTS
650 _aDBFO SCHEMES
650 _aPRIVATE FINANCE
650 _aPUBLIC FINANCE
650 _aSALISBURY
690 _aPROPERTY-PROPERTY FINANCE AND INVESTMENT
942 _n0
948 _c04/03/1997
999 _c13900
_d13900